00000000nam##2200000za#4500
0019.594315
003CaOODSP
00520220901164705
007cr |||||||||||
008150406|2004||||xxc|||||o    f|0| 0 fre|d
040 |aCaOODSP|bfre
043 |an-cn---
0861 |aJ3-2/2004-5F-PDF
1101 |aCanada.|bJustice Canada.
24510|aEntre vous et moi - Programme de vulgarisation et d'information juridiques (PVIJ) par des pairs pour les femmes victimes de violence familiale : |h[ressource électronique]|brapport final / |c[Par] Gayle Borad, Anna Hagerty.
260 |bJustice Canada |c2004.
300 |a63p.
4901 |aMinistère de la justice - rapport de recherche|vrr04-5f
504 |aBibliographie.
590 |a07-02-Supp|b2007-04-05
69107|aQuestions juridiques|2gcpds
69107|aViolence faite aux femmes|2gcpds
69107|aViolence familiale|2gcpds
7201 |aBroad, Gayle
7201 |aHagerty, Anna
77508|tJust between you and me. A Peer Public Legal Education and Information (PLEI) Programme for women in family violence situations : |w(CaOODSP)9.561757
830#0|aRapport de recherche (Canada. Ministère de la justice. Division de la recherche et de la statistique)|vrr04-5f|w(CaOODSP)9.501474
85640|ahttp://publications.gc.ca|qPDF|s388 Ko|uhttps://publications.gc.ca/collections/Collection/J3-2-2004-5F.pdf |yrr04-5f